00791 2200289 4500001002100000005001500021035002500036008004100061020002200102040001700124082001400141084001600155090002000171090002100191100001900212245006600231250001100297260003000308300003000338500003400368650002500402700001700427850001200444007000300456999002100459990002100480INLIS00000000000478320200528092614 a0010-041500000001849150430s2014 xx gr ind d a978-979-29-2368-1 aYOPDYOGbind04222a658.3 a658.3 ACH m aDEP 658.3 ACH m aCB-D.11 2014-8260 aAchmad S. Ruky00aMenjadi eksekutif managemen SDM profesional /cAchmad S. Ruky aCet. 13 aYogyakarta :bAndi,c2014 axvi, 272 halaman :b23 cm aBibliografi : halaman 267-269 4aPegawai--xManajemen0 aAri Pramesta aYOPDYOGta aCB-D.11/2014-826 aCB-D.11/2014-826